Logo BPK

Biblioteka

Politechniki Koszalińskiej

Zmiany w zarządzaniu przedsiębiorstwami : (Rekord nr 42302)

Szczegóły MARC
000 -ETYKIETA REKORDU
podpole kontrolne o stałej długości 01927nam a2200457 i 4500
001 - NUMER KONTROLNY REKORDU
pole kontrolne 42302
003 - IDENTYFIKATOR NUMERU KONTROLNEGO REKORDU
podpole kontrolne KOSZ 005
005 - DATA OSTATNIEJ MODYFIKACJI REKORDU
podpole kontrolne 20210412141225.0
008 - POLE O STAŁEJ DŁUGOŚCI - DANE KONTROLNE
podpole kontrolne o stałej długości 030116s2002 pl a f |000 0 pol
040 ## - ŹRÓDŁO KATALOGOWANIA
Instytucja, która sporządziła opis KOSZ 005
Instytucja, która utworzyła rekord KOSZ 005/RW
041 0# - KOD JĘZYKA
Kod języka tekstu pol
Kod języka streszczenia lub abstraktu eng
-- pol
046 ## - DATY KODOWANE
Pojedyncza data lub początek okresu powstania dzieła lub zbioru dzieł 2002
080 ## - UNIWERSALNA KLASYFIKACJA DZIESIĘTNA - UKD
UKD 658.1/.5
080 ## - UNIWERSALNA KLASYFIKACJA DZIESIĘTNA - UKD
UKD 005
100 1# - NAZWA OSOBOWA
Nazwa osobowa Woźniak, Barbara
Określenie rodzaju współpracy Autor
245 10 - TYTUŁ/ODPOWIEDZIALNOŚĆ
Tytuł Zmiany w zarządzaniu przedsiębiorstwami :
Ciąg dalszy tytułu uwarunkowania wewnętrzne w teorii i praktyce /
Pozostałe elementy strefy tytułu i oznaczenia odpowiedzialności Barbara Woźniak ; [recenzenci: Kazimierz Dobrzański, Barbara Kożuch] ; Politechnika Koszalińska.
260 ## - STREFA ADRESU WYDAWNICZEGO
Miejsce wydania Koszalin :
Nazwa wydawcy/dystrybutora Wydawnictwo Uczelniane Politechniki Koszalińskiej,
Data publikacji, dystrybucji/powstania dokumentu 2002.
300 ## - STREFA OPISU FIZYCZNEGO
Objętość 186, [8] stron :
Inne cechy fizyczne ilustracje ;
Rozmiary 24 cm.
336 ## - TYP ZAWARTOŚCI
Termin opisujący typ zawartości Tekst
Kod określający zawartość txt
Źródło (terminu i kodu) rdacontent
337 ## - TYP MEDIÓW
Tryb odtwarzania Bez urządzenia pośredniczącego
Kod typu mediów n
Źródło (terminu i kodu) rdamedia
338 ## - TYP/RODZAJ NOŚNIKA
Hasło opisujące typ nośnika Wolumin
Kod typu nośnika nc
Źródło (terminu i kodu) rdacarrier
380 ## - FORMA I TYP PUBLIKACJI
Forma i typ publikacji Książki
380 ## - FORMA I TYP PUBLIKACJI
Forma i typ publikacji Publikacje naukowe
388 1# - CZAS POWSTANIA
Czas powstania 2001-
490 1# - STREFA SERII I DOKUMENTU WIELOCZĘŚCIOWEGO - FORMA NIE DO WYSZUKIWANIA
Tytuł i oznaczenie odpowiedzialności serii Monografia Wydziału Ekonomii i Zarządzania,
ISSN 0239-7129 ;
Numeracja w obrębie serii nr 91
504 ## - UWAGA DOTYCZĄCA BIBLIOGRAFII
Informacje o bibliografii Bibliografia na stronach [181]-[189].
546 ## - UWAGA O JĘZYKU
Uwaga o języku Streszczenie w języku polskim i angielskim.
650 #7 - HASŁO PRZEDMIOTOWE W FORMIE NAZWY OGÓLNEJ LUB JEDNOSTKOWEJ
Nazwa ogólna lub geograficzna Przedsiębiorstwo
650 #7 - HASŁO PRZEDMIOTOWE W FORMIE NAZWY OGÓLNEJ LUB JEDNOSTKOWEJ
Nazwa ogólna lub geograficzna Zarządzanie
650 #7 - HASŁO PRZEDMIOTOWE W FORMIE NAZWY OGÓLNEJ LUB JEDNOSTKOWEJ
Nazwa ogólna lub geograficzna Organizacja
655 #7 - TERMIN INDEKSOWY - OKREŚLENIE RODZAJU/FORMY DOKUMENTU
Określenie rodzaju/formy dokumentu Monografia
658 ## - TERMIN INDEKSOWY - PRZEDMIOT PROGRAMU NAUCZANIA
Główny przedmiot programu nauczania Gospodarka, ekonomia, finanse
658 ## - TERMIN INDEKSOWY - PRZEDMIOT PROGRAMU NAUCZANIA
Główny przedmiot programu nauczania Zarządzanie i marketing
700 1# - HASŁO DODATKOWE - NAZWA OSOBOWA
Nazwa osobowa Dobrzański, Kazimierz
Daty związane z nazwą (1934- )
Określenie związku między hasłem a opisywanym materiałem Recenzja
700 1# - HASŁO DODATKOWE - NAZWA OSOBOWA
Nazwa osobowa Kożuch, Barbara
Daty związane z nazwą (1950- )
Określenie związku między hasłem a opisywanym materiałem Recenzja
710 2# - HASŁO DODATKOWE - NAZWA CIAŁA ZBIOROWEGO
Nazwa ciała zbiorowego lub jednostki geograficznej Wydawnictwo Uczelniane (Politechnika Koszalińska)
Kod określenia powiązania pbl
830 ## - HASŁO DODATKOWE SERII LUB DOKUMENTU WIELOCZĘŚCIOWEGO - TYTUŁ UJEDNOLICONY
Tytuł ujednolicony Monografia Wydziału Ekonomii i Zarządzania - Politechnika Koszalińska
856 ## - LOKALIZACJA I DOSTĘP DO ELEKTRONICZNYCH DOKUMENTÓW ZDALNYCH
Link (URL) http://dlibra.tu.koszalin.pl/dlibra/docmetadata?id=134&from=&dirids=1&ver_id=&lp=1&QI=
Tekst linku Biblioteka Cyfrowa
856 ## - LOKALIZACJA I DOSTĘP DO ELEKTRONICZNYCH DOKUMENTÓW ZDALNYCH
Link (URL) http://koha.tu.koszalin.pl/cgi-bin/koha/opac-detail.pl?biblionumber=42302
Tekst linku Katalog online BPK
942 ## - DODATKOWE ELEMENTY (KOHA)
Schemat klasyfikacji Uniwersalna Klasyfikacja Dziesiętna
Typ dokumentu Książka
Egzemplarze
Wycofany Status egzemplarza Uszkodzony Dostępność Lokalizacja stała Lokalizacja bieżąca Miejsce przechowywania Sygnatura Kod kreskowy Dział Typ dokumentu Ostatnio wypożyczono
      Tylko na miejscu Biblioteka Politechniki Koszalińskiej Biblioteka Politechniki Koszalińskiej Czytelnia BG 66208 01901917 658.1/.5 Organizacja przedsiębiorstwa Książka  
      Tylko na miejscu Biblioteka Politechniki Koszalińskiej Biblioteka Politechniki Koszalińskiej Czytelnia Wydziałowa ul. Kwiatkowskiego 6e 66209 01901900 658.1/.5 Organizacja przedsiębiorstwa Książka  
      Dostępny Biblioteka Politechniki Koszalińskiej Biblioteka Politechniki Koszalińskiej Wypożyczalnia BG 66210 01901894   Książka  
      Dostępny Biblioteka Politechniki Koszalińskiej Biblioteka Politechniki Koszalińskiej Wypożyczalnia BG 66211 01901887   Książka  
      Dostępny Biblioteka Politechniki Koszalińskiej Biblioteka Politechniki Koszalińskiej Wypożyczalnia BG 66212 01901870   Książka 06.12.2022
  Egz. niedostępny   Niedostępny Biblioteka Politechniki Koszalińskiej Biblioteka Politechniki Koszalińskiej Magazyn Rezerw       Książka  
© 2023 Biblioteka Politechniki Koszalińskiej :: KOHA